000 00365nam a22001697a 4500
003 MPLRDC
005 20220104114544.0
008 210129b ||||| |||| 00| 0 eng d
082 _a855 LZ*
100 _a灵子著
245 _a大陆见闻
_c
250 _a初版
260 _a
_b创垦出版社
_c1954
300 _b
650 _a
942 _cBK
_o855 LZ*
999 _c8400
_d8390